<?xml version="1.0" encoding="UTF-8"?>
<collection xmlns="http://www.loc.gov/MARC21/slim">
 <record>
  <leader>01364nam a22002057a 4500</leader>
  <controlfield tag="001">NCT_57999</controlfield>
  <controlfield tag="008">190116b        xxu||||| |||| 00| 0 vie d</controlfield>
  <datafield tag="999" ind1=" " ind2=" ">
   <subfield code="c">2807</subfield>
   <subfield code="d">2807</subfield>
  </datafield>
  <datafield tag="020" ind1=" " ind2=" ">
   <subfield code="a">9786048414375</subfield>
   <subfield code="c">84000</subfield>
  </datafield>
  <datafield tag="082" ind1="0" ind2="4">
   <subfield code="2">23rd ed.</subfield>
   <subfield code="a">338.4791597</subfield>
   <subfield code="b">Nh124</subfield>
  </datafield>
  <datafield tag="100" ind1="1" ind2=" ">
   <subfield code="a">Nguyễn Thị Thống Nhất</subfield>
  </datafield>
  <datafield tag="245" ind1="1" ind2="0">
   <subfield code="a">Phát triển du lịch trên cơ sở khai thác hợp lý giá trị di sản văn hóa thế giới vật thể</subfield>
   <subfield code="c">Nguyễn Thị Thống Nhất</subfield>
  </datafield>
  <datafield tag="260" ind1=" " ind2=" ">
   <subfield code="a">Đà Nẵng</subfield>
   <subfield code="b">Nxb. Đà Nẵng</subfield>
   <subfield code="c">2016</subfield>
  </datafield>
  <datafield tag="300" ind1=" " ind2=" ">
   <subfield code="a">239 tr.</subfield>
   <subfield code="b">Bảng</subfield>
   <subfield code="c">24cm</subfield>
  </datafield>
  <datafield tag="520" ind1="3" ind2=" ">
   <subfield code="a">Nội dung sách đề cập những vấn đề cơ bản về du lịch và phát triển du lịch, du lịch văn hóa và du lịch di sản văn hóa, việc khai thác hợp lý và các tiêu chí đánh giá khai thác hợp lý giá trị di sản văn hóa.....</subfield>
  </datafield>
  <datafield tag="653" ind1=" " ind2=" ">
   <subfield code="a"> Quản trị DV Du lịch và Lữ hành</subfield>
  </datafield>
  <datafield tag="942" ind1=" " ind2=" ">
   <subfield code="2">ddc</subfield>
   <subfield code="c">BK</subfield>
  </datafield>
  <datafield tag="952" ind1=" " ind2=" ">
   <subfield code="0">0</subfield>
   <subfield code="1">0</subfield>
   <subfield code="2">ddc</subfield>
   <subfield code="4">0</subfield>
   <subfield code="6">338_479159700000000_NH124</subfield>
   <subfield code="7">0</subfield>
   <subfield code="9">15273</subfield>
   <subfield code="a">000001</subfield>
   <subfield code="b">000001</subfield>
   <subfield code="d">2019-01-16</subfield>
   <subfield code="o">338.4791597 Nh124</subfield>
   <subfield code="p">MD.14145</subfield>
   <subfield code="r">2019-01-16</subfield>
   <subfield code="v">84000.00</subfield>
   <subfield code="w">2019-01-16</subfield>
   <subfield code="y">BK</subfield>
  </datafield>
  <datafield tag="952" ind1=" " ind2=" ">
   <subfield code="0">0</subfield>
   <subfield code="1">0</subfield>
   <subfield code="2">ddc</subfield>
   <subfield code="4">0</subfield>
   <subfield code="6">338_479159700000000_NH124</subfield>
   <subfield code="7">0</subfield>
   <subfield code="9">15274</subfield>
   <subfield code="a">000001</subfield>
   <subfield code="b">000001</subfield>
   <subfield code="d">2019-01-16</subfield>
   <subfield code="o">338.4791597 Nh124</subfield>
   <subfield code="p">MD.14146</subfield>
   <subfield code="r">2019-01-16</subfield>
   <subfield code="v">84000.00</subfield>
   <subfield code="w">2019-01-16</subfield>
   <subfield code="y">BK</subfield>
  </datafield>
  <datafield tag="980" ind1=" " ind2=" ">
   <subfield code="a">Thư viện Trường Đại học Nam Cần Thơ</subfield>
  </datafield>
 </record>
</collection>
